Las Meta-reglas del Derecho Notarial / (Record no. 22784)

000 -CABECERA
fixed length control field 01183nam a22002777i 4500
003 - IDENTIFICADOR DEL NÚMERO DE CONTROL
control field AR-CdUCM
008 - DATOS DE LONGITUD FIJA--INFORMACIÓN GENERAL
fixed length control field 240306b20202020pe ||||| |||| 00| 0 spa d
020 ## - NÚMERO INTERNACIONAL ESTÁNDAR DEL LIBRO
ISBN 978-612-00-5019-4
040 ## - FUENTE DE LA CATALOGACIÓN
Agencia/entidad que catalogó originalmente la obra MUNICIPALIDAD PROVINCIAL DEL CUSCO
Entidad que transcribió la catalogación BIBLIOTECA MUNICIPAL DEL CUSCO
082 ## - NÚMERO DE LA CLASIFICACIÓN DECIMAL DEWEY
No. de Clasificación 345.733 / A91
Notacion interna A91
100 ## - ENTRADA PRINCIPAL--NOMBRE DE PERSONA
Nombre Personal Avendaño Uchuya, Ostwald Néstor
245 ## - MENCIÓN DE TÍTULO
Título Las Meta-reglas del Derecho Notarial /
260 ## - PUBLICACIÓN, DISTRIBUCIÓN, ETC.
Lugar de publicación, distribución, etc. Wanchaq-Cusco :
Fecha de publicación, distribución, etc. 2020
300 ## - DESCRIPCIÓN FÍSICA
Nº de Páginas Extensión 98 páginas. :
Dimensiones 21 cm.
500 ## - NOTA GENERAL
Bibliografía Bibliografía: páginas 93-98
505 ## - NOTA DE CONTENIDO CON FORMATO
Nota de contenido formateada Descarte de principios constitucionales -- Presencia de los principios constitucionales -- Utilización de meta-reglas -- Razón de meta-reglas -- Las meta-reglas del derecho notarial -- Meta-regla de fe pública notarial -- Meta-regla de legalización, autenticación o principio de legalidad -- La presunción de legitimidad.
650 ## - PUNTO DE ACCESO ADICIONAL DE MATERIA--TÉRMINO DE MATERIA
Descriptor Derecho notarial
9 (RLIN) 49431
650 ## - PUNTO DE ACCESO ADICIONAL DE MATERIA--TÉRMINO DE MATERIA
Descriptor Meta-reglas
9 (RLIN) 49432
650 ## - PUNTO DE ACCESO ADICIONAL DE MATERIA--TÉRMINO DE MATERIA
Descriptor Posición jurídica
9 (RLIN) 49433
650 ## - PUNTO DE ACCESO ADICIONAL DE MATERIA--TÉRMINO DE MATERIA
Descriptor Aplicación de meta-reglas
9 (RLIN) 49434
650 ## - PUNTO DE ACCESO ADICIONAL DE MATERIA--TÉRMINO DE MATERIA
Descriptor El legalismo
9 (RLIN) 49435
650 ## - PUNTO DE ACCESO ADICIONAL DE MATERIA--TÉRMINO DE MATERIA
Descriptor Legitimidad
9 (RLIN) 49436
942 ## - ELEMENTOS DE PUNTO DE ACCESO ADICIONAL (KOHA)
Fuente de clasificación
Tipo de item Libros-BMC
945 ## - PROCESAMIENTO DE INFORMACIÓN LOCAL (OCLC)
Catalogador pbj
AAAA-MM-DD - Fecha de ingreso o modificacion 06-03-2024
Holdings
Estado de retiro (separado) Fuente de clasificación o esquema de estanterías Estado dañado Ubicación Sala donde se ubica Nombre de la colección Fecha de adquisición o compra Fuente de adquisición Costo, precio normal en soles Signatura topográfica Código de Barras Última vez visto (Koha) Tipo de ítem (Koha)
No     Sala Humanidades Sala Humanidades Book Cart 2024-03-06 Depósito Legal 10.00 345.733 / A91 SH0000016604 2024-03-06 Libros-BMC

Powered by Koha